000 00636nam a2200217Ia 4500
003 GCL
008 140319s9999 xx 000 0 ara d
040 _aGCL /
_cGCL
082 0 4 _a336.34
_bب د
100 1 _aبرتيليمى، جان كلود
245 1 0 _aديون العالم الثالث /
_cبرتيليمى، جان كلود
700 1 _aحسين حيدر
300 _a108 ص
490 _aزدنى علما
_v0
650 0 4 _aالاقتصاد
650 0 4 _aالاحوال الاقتصادية
650 0 4 _aالديون
650 0 4 _aالاقتصاد السياسى
650 0 4 _aالاقتراض
942 _2ddc
_cBK
999 _c48163
_d48163